[Event "Anapa Sea Harbor op"]
[Site "Anapa"]
[Date "2023.06.09"]
[Round "8"]
[White "Komaev, Tamerlan"]
[Black "Sokolov, Vladimir1"]
[Result "1-0"]
[WhiteElo "1601"]
[BlackElo "1957"]
[PlyCount "85"]
[EventDate "2023.06.02"]
[EventType "swiss"]
[EventRounds "9"]
[EventCountry "RUS"]
[SourceTitle "CBM 214 Extra"]
[Source "ChessBase"]
[SourceDate "2023.07.31"]
[SourceVersion "1"]
[SourceVersionDate "2023.07.31"]
[SourceQuality "1"]

1. d4 d5 2. Bg5 c5 3. c3 Nc6 4. e3 Qb6 5. Qc1 Bf5 6. Nf3 h6 7. Bh4 Rc8 8. Nbd2 e6 9. Be2 Nf6 10. 0-0 Bd6 11. Nb3 Ne4 12. dxc5 Nxc5 13. Nxc5 Bxc5 14. Qd2 0-0 15. Rac1 e5 16. b4 Bd6 17. Qxd5 Bb8 18. Qb5 Qc7 19. Bg3 Be6 20. Qa4 f6 21. a3 Qf7 22. Qc2 Ne7 23. h3 Nf5 24. Bh2 Nd6 25. Nd2 a6 26. c4 a5 27. c5 axb4 28. axb4 b6 29. Qb2 bxc5 30. Rxc5 Ba7 31. Rxc8 Rxc8 32. Rc1 Rb8 33. Qa3 Qd7 34. Nb3 Nb5 35. Qb2 Kh8 36. Nc5 Bxc5 37. bxc5 Bd5 38. Qd2 Qc6 39. f3 Be6 40. f4 Bd5 41. fxe5 Bxg2 42. Bxb5 Qf3 43. Bc6 1-0

[Event "RUS-chT U11"]
[Site "Sochi"]
[Date "2019.05.08"]
[Round "7.1"]
[White "Komaev, Tamerlan"]
[Black "Usov, Aleksandr E"]
[Result "0-1"]
[WhiteElo "1351"]
[BlackElo "1737"]
[PlyCount "70"]
[EventDate "2019.05.01"]
[EventType "team-tourn"]
[EventRounds "9"]
[EventCountry "RUS"]
[SourceTitle "EXT 2022"]
[Source "ChessBase"]
[SourceDate "2021.10.06"]
[SourceVersion "1"]
[SourceVersionDate "2021.10.06"]
[SourceQuality "1"]

1. d4 c6 2. c4 d5 3. Nc3 Nf6 4. Nf3 dxc4 5. a4 Bf5 6. e3 e6 7. Bxc4 Bb4 8. 0-0 0-0 9. Qe2 h6 10. Rd1 a5 11. Bd3 Bxd3 12. Qxd3 Nbd7 13. e4 Qc7 14. e5 Nd5 15. Ne4 c5 16. Be3 Nxe3 17. fxe3 cxd4 18. exd4 Rac8 19. Rac1 Qxc1 20. Rxc1 Rxc1+ 21. Kf2 Nb6 22. b3 Nd5 23. Kg3 Rfc8 24. Qb5 Ne3 25. Qd3 Nd5 26. Qb5 b6 27. Qd3 R8c2 28. h3 Rxg2+ 29. Kh4 g5+ 30. Nfxg5 hxg5+ 31. Nxg5 Be1+ 32. Kh5 Nf4+ 33. Kh6 Nxd3 34. Ne4 Rg6+ 35. Kh5 Nf4# 0-1

[Event "RUS-chT U11"]
[Site "Sochi"]
[Date "2019.05.03"]
[Round "3.1"]
[White "Komaev, Tamerlan"]
[Black "Ogorodnikov, Matvey"]
[Result "0-1"]
[WhiteElo "1351"]
[BlackElo "1365"]
[PlyCount "64"]
[EventDate "2019.05.01"]
[EventType "team-tourn"]
[EventRounds "9"]
[EventCountry "RUS"]
[SourceTitle "EXT 2022"]
[Source "ChessBase"]
[SourceDate "2021.10.06"]
[SourceVersion "1"]
[SourceVersionDate "2021.10.06"]
[SourceQuality "1"]

1. d4 Nf6 2. c4 c6 3. Nc3 d5 4. Nf3 dxc4 5. e3 b5 6. a4 b4 7. Na2 e6 8. Bxc4 Bb7 9. 0-0 Be7 10. Bd2 a5 11. Nc1 0-0 12. Nd3 Nbd7 13. Rc1 Rc8 14. Re1 c5 15. dxc5 Nxc5 16. Nxc5 Rxc5 17. Nd4 Rg5 18. Bf1 Ne4 19. f4 Rg6 20. Qe2 Qa8 21. g3 Bh4 22. Nf3 Bxg3 23. Bg2 Bxe1 24. Nxe1 Ba6 25. Qd1 Rd8 26. Rc2 b3 27. Rc1 Rxd2 28. Qf3 h6 29. Rd1 Be2 30. Qh3 Rxd1 31. Qh4 Bf3 32. Qh3 Rxe1# 0-1

[Event "RUS-chT U11"]
[Site "Sochi"]
[Date "2019.05.02"]
[Round "2.1"]
[White "Vetokhin, Savva"]
[Black "Komaev, Tamerlan"]
[Result "1-0"]
[WhiteElo "2055"]
[BlackElo "1351"]
[PlyCount "125"]
[EventDate "2019.05.01"]
[EventType "team-tourn"]
[EventRounds "9"]
[EventCountry "RUS"]
[SourceTitle "EXT 2022"]
[Source "ChessBase"]
[SourceDate "2021.10.06"]
[SourceVersion "1"]
[SourceVersionDate "2021.10.06"]
[SourceQuality "1"]

1. e4 c5 2. c3 Nf6 3. e5 Nd5 4. Nf3 Nc6 5. Bc4 Nb6 6. Bb3 c4 7. Bc2 Qc7 8. Qe2 g5 9. h3 Bg7 10. Nxg5 Qxe5 11. Qxe5 Nxe5 12. f4 Ng6 13. d4 cxd3 14. Bxd3 h6 15. Nf3 d6 16. 0-0 Bd7 17. Na3 a6 18. Nc2 Rc8 19. Ncd4 0-0 20. Nf5 Bxf5 21. Bxf5 e6 22. Be4 d5 23. Bd3 Nc4 24. f5 Nge5 25. Nxe5 Nxe5 26. Be2 exf5 27. Rxf5 Rfe8 28. Bh5 Re7 29. Bf4 Rce8 30. Rf1 Rf8 31. Kh1 f6 32. Bd1 Rd7 33. Bb3 Rfd8 34. Rh5 Nf7 35. Rd1 Ng5 36. h4 Nf7 37. Rhxd5 Rxd5 38. Rxd5 Rxd5 39. Bxd5 b5 40. c4 bxc4 41. Bxc4 a5 42. a4 f5 43. b3 Bc3 44. Bxh6 Be1 45. h5 Bc3 46. Bf4 Kf8 47. Bxf7 Kxf7 48. Kh2 Ke6 49. h6 Kd5 50. Kg3 Be1+ 51. Kf3 Bc3 52. g4 fxg4+ 53. Kxg4 Kc5 54. Kf5 Kb4 55. Be5 Bxe5 56. Kxe5 Kxb3 57. h7 Kxa4 58. h8Q Kb4 59. Qh1 a4 60. Kd4 a3 61. Qb1+ Ka5 62. Kc5 Ka6 63. Qb6# 1-0